|
|
|
|
| LEADER |
00000nam a22000007a 4500 |
| 005 |
20170518113112.0 |
| 007 |
cr|||| |||| |
| 008 |
170518c19989999co qr|| s|||| 0|||b1spa d |
| 022 |
|
|
|a 1900-5180
|
| 035 |
|
|
|a 14576
|
| 040 |
|
|
|a vLex
|
| 090 |
|
|
|c 6654
|d 6654
|
| 245 |
0 |
0 |
|a Revista de Estudios Sociales
|h [Recurso electrn̤ico]
|
| 256 |
|
|
|a Servicio en ln̕ea
|
| 260 |
|
|
|a Bogot:̀
|b Universidad de Los Andes,
|c 1998 -
|
| 300 |
|
|
|a 1 recurso electrn̤ico
|
| 310 |
|
|
|a Trimestral
|
| 362 |
|
|
|a Nm︢ 1. (1998) -
|
| 506 |
0 |
|
|a Contenido disponible en los productos indicados
|d vLex Global
|d vLex Global (Academic Edition, excluding Law Schools)
|d vLex Global (U.S. Academic Edition, Law Schools)
|d vLex Global (U.S. Academic Edition, excluding Law Schools)
|d vLex Global (Academic Edition, Law Schools)
|
| 650 |
0 |
4 |
|a Ciencias sociales
|z Colombia
|
| 740 |
0 |
|
|a vLex Revistas (Servicio en ln̕ea)
|
| 856 |
4 |
0 |
|u http://vlex.com/source/revista-estudios-sociales-14576
|z Acceso restringido
|
| 942 |
|
|
|c REV
|